Hamburger SV All-Time Starting XI - Statistics

General Stats
  • This quiz has been taken 91 times
  • The average score is 5 of 13
Answer Stats
Position Player % Correct
FW (1953-72) Uwe Seeler
86%
FW (2005-08/12-15) Rafael Van der Vaart
81%
FW (1977-80) Kevin Keegan
69%
12th player (1978-83) Horst Hrubesch
60%
MF (1976-86) Felix Magath
55%
DF (1971-89) Manfred Kaltz
55%
GK (1980-87) Uli Stein
44%
Coach (1981-87) Ernst Happel
36%
MF (1980-94) Thomas von Heesen
19%
DF (1979-89) Ditmar Jakobs
18%
DF (1965-73) Willi Schulz
9%
MF (1978-84) Jimmy Hartwig
8%
DF (1960-72) Jürgen Kurbjuhn
1%
No matching quizzes found
Score Distribution
Percent of People with Each Score
Percentile by Number Answered
Your Score History
You have not taken this quiz